Северные дни. Сб.2: [Стихи, рассказы, статьи] (Запись № 13487239)

Подробности
000 -МАРКЕР
контрольное поле 01906nam2a22003731 4500
001 - ИДЕНТИФИКАТОР ЗАПИСИ
контрольное поле RU\NLR\A1SV\112604
005 - ИДЕНТИФИКАТОР ВЕРСИИ
контрольное поле 20260412063641.0
035 ## - ДРУГИЕ СИСТЕМНЫЕ НОМЕРА
Идентификатор записи (NLR Aleph) 009793957
100 ## - ДАННЫЕ ОБЩЕЙ ОБРАБОТКИ
Данные общей обработки 20120326d1922 u y0rusy50 ca
101 0# - ЯЗЫК РЕСУРСА
Язык текста, звукозаписи и т.д. русский
200 1# - ЗАГЛАВИЕ И СВЕДЕНИЯ ОБ ОТВЕТСТВЕННОСТИ
Основное заглавие [Стихи, рассказы, статьи]
215 ## - ФИЗИЧЕСКАЯ ХАРАКТЕРИСТИКА
Специфическое обозначение материала и объем 155, [2] с.
327 0# - ПРИМЕЧАНИЯ О СОДЕРЖАНИИ
Текст примечания Авт.: Борис Зайцев, Андрей Глоба, Константин Липскеров, Вл. Лидин, Надежда Павлович, Марина Цветаева, Андрей Соболь, Владислав Ходасевич, Иосиф Матусевич, М.Гершензон, Ю.Айхенвальд, Андрей Белый
461 #1 - УРОВЕНЬ НАБОРА
Встроенное поле 001RU\NLR\A1SV\112602
-- 2000#$vСб.2
Системный номер (АБИС) связанной записи 10148695
Место публикации М.
Дата публикации 1922
Имя издателя, распространителя и т.д. Север. дни
Заглавие Северные дни
Номер тома Сб.2
702 #1 - ИМЯ ЛИЦА - ВТОРИЧНАЯ ОТВЕТСТВЕННОСТЬ
Начальный элемент ввода Зайцев
Часть имени, кроме начального элемента ввода Б.
Расширение инициалов личного имени Борис
702 #1 - ИМЯ ЛИЦА - ВТОРИЧНАЯ ОТВЕТСТВЕННОСТЬ
Начальный элемент ввода Лидин
Часть имени, кроме начального элемента ввода В.Г.
Даты 1894-1979
Расширение инициалов личного имени Владимир Германович
702 #1 - ИМЯ ЛИЦА - ВТОРИЧНАЯ ОТВЕТСТВЕННОСТЬ
Начальный элемент ввода Матусевич
Часть имени, кроме начального элемента ввода И.А.
Даты 1879-1940
Расширение инициалов личного имени Иосиф Александрович
702 #1 - ИМЯ ЛИЦА - ВТОРИЧНАЯ ОТВЕТСТВЕННОСТЬ
Начальный элемент ввода Шлоба
Часть имени, кроме начального элемента ввода А.
Расширение инициалов личного имени Андрей
702 #1 - ИМЯ ЛИЦА - ВТОРИЧНАЯ ОТВЕТСТВЕННОСТЬ
Начальный элемент ввода Липскеров
Часть имени, кроме начального элемента ввода К.
Расширение инициалов личного имени Константин
702 #1 - ИМЯ ЛИЦА - ВТОРИЧНАЯ ОТВЕТСТВЕННОСТЬ
Материалы, к которым относится поле rus
Графика поля Кириллица
Начальный элемент ввода Соболь
Часть имени, кроме начального элемента ввода А.
Дополнения к именам, кроме дат писатель
Даты 1888-1926
Расширение инициалов личного имени Андрей
Идентификатор авторитетной/нормативной записи RU\NLR\AUTH\7713358
Системный номер авторитетной/нормативной записи 123050
702 #1 - ИМЯ ЛИЦА - ВТОРИЧНАЯ ОТВЕТСТВЕННОСТЬ
Начальный элемент ввода Павлович
Часть имени, кроме начального элемента ввода Н.
Расширение инициалов личного имени Надежда
702 #1 - ИМЯ ЛИЦА - ВТОРИЧНАЯ ОТВЕТСТВЕННОСТЬ
Материалы, к которым относится поле rus
Графика поля Кириллица
Начальный элемент ввода Цветаева
Часть имени, кроме начального элемента ввода М. И.
Даты 1892-1941
Расширение инициалов личного имени Марина Ивановна
Идентификатор авторитетной/нормативной записи RU\NLR\AUTH\779131
Системный номер авторитетной/нормативной записи 118995
702 #1 - ИМЯ ЛИЦА - ВТОРИЧНАЯ ОТВЕТСТВЕННОСТЬ
Начальный элемент ввода Ходасевич
Часть имени, кроме начального элемента ввода В.Ф.
Даты 1886-1939
Расширение инициалов личного имени Владислав Фелицианович
702 #1 - ИМЯ ЛИЦА - ВТОРИЧНАЯ ОТВЕТСТВЕННОСТЬ
Начальный элемент ввода Гершензон
Часть имени, кроме начального элемента ввода М.А.
Даты 1900-1942
Расширение инициалов личного имени Михаил Абрамович
702 #1 - ИМЯ ЛИЦА - ВТОРИЧНАЯ ОТВЕТСТВЕННОСТЬ
Начальный элемент ввода Айхенвальд
Часть имени, кроме начального элемента ввода Ю.
702 #1 - ИМЯ ЛИЦА - ВТОРИЧНАЯ ОТВЕТСТВЕННОСТЬ
Начальный элемент ввода Белый
Часть имени, кроме начального элемента ввода А.
Даты 1880-1934
Расширение инициалов личного имени Андрей
801 #0 - ИСТОЧНИК ЗАПИСИ
Страна Российская Федерация
Организация NLR
Дата составления 20120326
852 ## - МЕСТОНАХОЖДЕНИЕ И ШИФР ХРАНЕНИЯ
Идентификатор организации NLR
Шифр хранения (Call Number) 132/2517-2
852 ## - МЕСТОНАХОЖДЕНИЕ И ШИФР ХРАНЕНИЯ
Идентификатор организации NLR
Шифр хранения (Call Number) 17.149.5.7
942 ## - ДОПОЛНИТЕЛЬНЫЕ ЭЛЕМЕНТЫ ЗАПИСИ (АБИС)
Тип экземпляра АБИС Книга
980 ## - КОЛЛЕКЦИЯ
Название коллекции Международный сводный каталог русской книги (1918-1926)
980 ## - КОЛЛЕКЦИЯ
Название коллекции Национальная библиография

Нет доступных экземпляров.